Hỏi đáp về sức khỏe trong đời sống hàng ngày

সংরক্ষণ করুন:
গ্রন্থ-পঞ্জীর বিবরন
প্রধান লেখক: Đào Xuân Dũng
বিন্যাস: গ্রন্থ
ভাষা:Undetermined
প্রকাশিত: Tp. HCM Thanh Niên 2004
বিষয়গুলি:
ট্যাগগুলো: ট্যাগ যুক্ত করুন
কোনো ট্যাগ নেই, প্রথমজন হিসাবে ট্যাগ করুন!
Thư viện lưu trữ: Trung tâm Học liệu Trường Đại học Cần Thơ
LEADER 00554nam a2200193Ia 4500
001 CTU_59242
008 210402s9999 xx 000 0 und d
020 |b 50000 
082 |a 613 
082 |b D513 
100 |a Đào Xuân Dũng 
245 0 |a Hỏi đáp về sức khỏe trong đời sống hàng ngày 
245 0 |c Đào Xuân Dũng 
260 |a Tp. HCM 
260 |b Thanh Niên 
260 |c 2004 
650 |a health promotion,hygiene, public 
904 |i Minh 
980 |a Trung tâm Học liệu Trường Đại học Cần Thơ